Techniques in molecular biology / (Record no. 759189)

MARC details
000 -LEADER
fixed length control field 00340nam a2200133 4500
020 ## - INTERNATIONAL STANDARD BOOK NUMBER
ISBN 9789383101979
082 ## - DEWEY DECIMAL CLASSIFICATION NUMBER
Classification number 572.8
Item number RAS.T
084 ## - OTHER CLASSIFICATION NUMBER
Source of Number Colon Classification
245 ## - TITLE STATEMENT
Title Techniques in molecular biology /
Statement of responsibility, etc Rashmi Rana
260 ## - PUBLICATION, DISTRIBUTION, ETC. (IMPRINT)
Place of publication Jaipur :
Name of publisher Agrotech press,
Year of publication 2025.
300 ## - PHYSICAL DESCRIPTION
Number of Pages 272p.
942 ## - ADDED ENTRY ELEMENTS (KOHA)
Source of classification or shelving scheme Dewey Decimal Classification
Koha item type Book
Holdings
Withdrawn status Lost status Source of classification or shelving scheme Damaged status Not for loan Home Library Current Location Date acquired Full call number Accession Number Price effective from Koha item type
    Dewey Decimal Classification     Campus Library Kariavattom Campus Library Kariavattom 04/05/2026 572.8 RAS.T UCL35608 04/05/2026 Book